| 000 | 00550nam a2200205Ia 4500 | ||
|---|---|---|---|
| 003 | GCL | ||
| 008 | 140319s9999 xx 000 0 ara d | ||
| 040 |
_aGCL / _cGCL |
||
| 082 | 0 | 4 |
_a810.9 _bم ع |
| 100 | 1 | _aمصطفى غالب | |
| 245 | 1 | 0 |
_aعباقرة الادب / _cمصطفى غالب |
| 260 |
_a[S.N] : _bمنشورات حمد ، _c1974 |
||
| 300 | _a429 ص | ||
| 490 | _a | ||
| 650 | 0 | 4 | _aالادب |
| 650 | 0 | 4 | _aالادباء |
| 650 | 0 | 4 | _aالادباء - تاريخ وتقد |
| 650 | 0 | 4 | _aالادب - نقد |
| 942 |
_2ddc _cBK |
||
| 999 |
_c54950 _d54950 |
||